| Поле | Инд. | ПП | Название | Значение |
|---|---|---|---|---|
| Тип записи | a | |||
| Библиографический уровень | m | |||
| 001 | Контрольный номер | RU/LIBMSTU/415799116 | ||
| 005 | Дата корректировки | 20180303144321.2 | ||
| 008 | Кодируемые данные | 130319|||||||||ru |||||||||||000|||rus|| | ||
| 020 | a | ISBN | 978-5-4222-0147-1 | |
| 040 | b | Код языка каталог. | rus | |
| 041 | 0_ | a | Код языка текста | rus |
| 084 | a | Индекс другой классификации/Индекс ББК | 63.3(2Рос-4Мур)+63.5+71 | |
| 090 | a | Полочн. индекс | 63.3(2Рос-4Мур) | |
| x | Авторский знак | С 12 | ||
| 245 | 10 | a | Заглавие | Саамская идентичность: проблемы сохранения языка и культуры на Севере |
| b | Продолж. заглавия | материалы междунар. науч. конф., 10-11 марта 2011 | ||
| c | Ответственность | М-во образования и науки Рос. Федерации, Мурман. гос. гуманитар. ун-т ; [отв. ред. О. Н. Иванищева] | ||
| 260 | a | Место издания | Мурманск | |
| b | Издательство | Изд-во МГГУ | ||
| c | Дата издания | 2012 | ||
| 300 | a | Объем | 124 с. | |
| 583 | x | Служебное примечание | Краеведческий каталог | |
| 650 | 04 | a | Основная рубрика | Краеведение-Мурманская область-Материалы конференций |
| 651 | _4 | a | Географическое наименование | Кольский Север |
| 651 | _4 | a | Географическое наименование | Мурманская область |
| 653 | 0_ | a | Ключевые слова | Конференции международные; Краеведение; Культура Кольского Севера; Культура саамская; Культурный ландшафт Кольского Севера; Материалы конференций; МГГУ; Мурманский государственный гуманитарный университет; Поморская культура; Поморы; Саамская идентичность; Саамы; Саамский язык; Труды преподавателей МГГУ |
| 700 | 12 | a | Другие авторы | Иванищева О. Н. |
| e | Роль лиц | ред. | ||
| 901 | t | Тип документа | m |